Dávky sociálnej starostlivosti predstavovali v roku 1997 takmer šesť miliárd korún
Skupiny občanov, ktorým sa podľa zákona poskytujú dávky sociálnej starostlivosti. Výška dávok vyplatená v roku 1997. Dávky vyplatené rodinám s deťmi. Dávky vyplatené starým a zdravotne postihnutým občanom.
Saved in:
| Main Author: | |
|---|---|
| Format: | Book Chapter |
| Language: | Slovak |
| Subjects: | |
| Tags: |
No Tags, Be the first to tag this record!
|
MARC
| LEADER | 00000naa a2200000 4500 | ||
|---|---|---|---|
| 001 | r031604 | ||
| 005 | 20230921084211.8 | ||
| 041 | 0 | |a slo | |
| 044 | |a SK | ||
| 245 | 1 | 0 | |a Dávky sociálnej starostlivosti predstavovali v roku 1997 takmer šesť miliárd korún |c Daniela Bujnovská |
| 520 | |a Skupiny občanov, ktorým sa podľa zákona poskytujú dávky sociálnej starostlivosti. Výška dávok vyplatená v roku 1997. Dávky vyplatené rodinám s deťmi. Dávky vyplatené starým a zdravotne postihnutým občanom. | ||
| 610 | 2 | 0 | |a dávky sociálne |
| 610 | 2 | 0 | |a starostlivosť sociálna |
| 610 | 2 | 0 | |a rodina |
| 610 | 2 | 0 | |a starostlivosť o invalidov |
| 610 | 2 | 0 | |a starostlivosť o prestárlych |
| 610 | 2 | 0 | |a starostlivosť o rodinu |
| 610 | 2 | 0 | |a Slovensko |
| 610 | 2 | 0 | |a 1997 |
| 100 | 1 | |a Bujnovská, Daniela | |